Vestník Slovenského zväzu spotrebných družstiev

Salvato in:
Dettagli Bibliografici
Natura: Periodico
Lingua:slovacco
Pubblicazione: Bratislava Slovenský zväz spotrebných družstiev
Tags: Aggiungi Tag
Nessun Tag, puoi essere il primo ad aggiungerne!!

MARC

LEADER 00000nas1a22000001 4500
001 s120895
005 20230808115139.1
041 0 |a slo 
044 |a SK 
245 1 0 |a Vestník Slovenského zväzu spotrebných družstiev 
264 1 |a Bratislava  |b Slovenský zväz spotrebných družstiev